| 000 | 00733nam a22002177a 4500 | ||
|---|---|---|---|
| 999 |
_c165 _d165 |
||
| 003 | AR-CdUCM | ||
| 008 | 190222b ||||| |||| 00| 0 spa d | ||
| 040 |
_aMUNICIPALIDAD PROVINCIAL DEL CUSCO _cBIBLIOTECA MUNICIPAL DEL CUSCO |
||
| 082 |
_a869.56 / _bSE487 |
||
| 100 |
_aSerrano Ortega, Cesar Augusto _9773 |
||
| 245 | _aEl Tren de Oro / | ||
| 260 |
_aPeru : _bTalleres Gráficos San Antonio, _c2010. |
||
| 300 |
_a247 paginas ; _b28 Fotografías. _c 21 cm. |
||
| 505 | _aEl gran suceso -- Leví el novato -- El viaje -- El embalse -- El derrumbe... | ||
| 650 |
_aPlaza Mayor _9774 |
||
| 650 |
_aImperial _9775 |
||
| 650 |
_aComplejos Aqueologicos _9776 |
||
| 650 |
_aViaje _9777 |
||
| 942 |
_2ddc _cLIBROS |
||
| 945 |
_awnts _d2019-02-22 |
||